Statistics for Top Five Speed Pokémon in Each Type

Click here to take the quiz!

General Stats

  • This quiz has been taken 11 times
  • The average score is 44 of 90

Answer Stats

TypePokémon% Correct
FlyingAerodactyl
88%
RockAerodactyl
88%
PsychicAlakazam
88%
Normal
Tauros|Dodrio|
Zoroark
88%
GrassElectrode
88%
ElectricElectrode
88%
FlyingNinjask
88%
BugNinjask
88%
FightingPheromosa
88%
BugPheromosa
88%
IceWeavile
88%
DarkWeavile
88%
Ground
Diglett|Zygarde|
Gliscor
75%
GhostFroslass|Zoroark
75%
GhostGengar
75%
DragonLatios|Latias
75%
RockLycanroc
75%
PsychicMewtwo
75%
ElectricRegieleki
75%
FairyZacian
75%
NormalArceus
63%
PsychicDeoxys
63%
GroundGarchomp
63%
ElectricJolteon
63%
GrassKartana
63%
GroundLandorus
63%
DarkSneasel
63%
IceSneasel
63%
PsychicStarmie
63%
WaterStarmie
63%
FireTalonflame
63%
FlyingTalonflame
63%
BugAccelgor
50%
Water
Tentacruel|Palkia|
Manaphy
50%
DragonDragapult
50%
GhostDragapult
50%
GroundDugtrio
50%
SteelDugtrio
50%
FightingHawlucha
50%
GhostMarshadow
50%
FightingMarshadow
50%
DarkPersian
50%
NormalPersian
50%
BugScolipede
50%
FlyingSwellow
50%
NormalSwellow
50%
GrassWhimsicott
50%
FairyWhimsicott
50%
FightingZamazenta
50%
RockArcheops
38%
WaterBarraskewda
38%
FlyingCrobat
38%
PoisonCrobat
38%
PoisonEternatus
38%
DragonEternatus
38%
SteelGenesect
38%
FireInfernape
38%
WaterInteleon
38%
FairyNinetales
38%
IceNinetales
38%
DragonNoivern
38%
FireSalazzle
38%
PoisonSalazzle
38%
GrassSceptile
38%
GhostSpectrier
38%
FairyTapu Koko
38%
ElectricTapu Koko
38%
ElectricZeraora
38%
FireCinderace
25%
IceCryogonal
25%
DarkDarkrai
25%
SteelDurant
25%
IceFroslass
25%
GrassJumpluff
25%
DragonNaganadel
25%
PoisonNaganadel
25%
NormalPurugly
25%
BugRibombee
25%
FairyRibombee
25%
FightingSneasler
25%
PoisonSneasler
25%
PsychicSwoobat
25%
FireBlacephalon
13%
SteelCobalion
13%
GroundFlygon
13%
SteelJirachi
13%
WaterKeldeo
13%
DarkLiepard
13%
RockNihilego
13%
RockTerrakion
13%

Score Distribution

Percentile by Number Answered

Percent of People with Each Score

Your Score History

You have not taken this quiz